| 000 | 01124cam a2200289 a 4500 | ||
|---|---|---|---|
| 001 | 16132990 | ||
| 005 | 20100826112348.0 | ||
| 008 | 100312s2010 maua b 001 0 eng | ||
| 010 | _a 2010006757 | ||
| 015 |
_aGBB045316 _2bnb |
||
| 016 | 7 |
_a015521489 _2Uk |
|
| 020 | _a9780123820884 | ||
| 020 | _a012382088X | ||
| 040 |
_aDLC _cDLC _dYDX _dBTCTA _dYDXCP _dUKM _dDLC |
||
| 082 | 0 | 0 |
_a622.3382 _222 _bFAN |
| 100 | 1 |
_aFanchi, John R. _928469 |
|
| 245 | 1 | 0 |
_aIntegrated reservoir asset management : _bprinciples and best practices / _cJohn R. Fanchi. |
| 260 |
_aBurlington, MA : _bGulf Professional Pub., _cc2010. |
||
| 300 |
_ax, 361 p. : _bill. ; _c24 cm. |
||
| 504 | _aIncludes bibliographical references (p. [343]-353) and index. | ||
| 650 | 0 |
_aOil reservoir engineering. _928470 |
|
| 650 | 0 |
_aPetroleum reserves. _928471 |
|
| 653 |
_bpet _cJanuary2012 |
||
| 942 |
_2ddc _cBB |
||
| 999 |
_c16355 _d16355 |
||